[Event "South Wales Summer Open"]
[Site "Penarth"]
[Date "2016.08.29"]
[Round "4.7"]
[White "Van Kemenade, Julie"]
[Black "Christmas, Steve"]
[Result "0-1"]
[WhiteElo "1716"]
[BlackElo "1854"]
[PlyCount "72"]
[EventDate "2016.08.28"]
[EventType "swiss"]
[EventRounds "5"]
[EventCountry "WLS"]
[SourceDate "2016.08.28"]

1. e4 c5 2. Nc3 Nc6 3. f4 e6 4. Bc4 Na5 5. Be2 a6 6. a4 b6 7. Nf3 Bb7 8. O-O
Be7 9. d3 d5 10. Qe1 Nf6 11. e5 Nd7 12. Bd1 g6 13. Ne2 Nc6 14. c3 a5 15. Ng3
Qc7 16. d4 O-O-O 17. Be2 Ndb8 18. Bb5 c4 19. Nd2 Na7 20. b3 Nxb5 21. axb5 Nd7
22. Ba3 Bxa3 23. Rxa3 cxb3 24. Nxb3 Kb8 25. Ra4 Rc8 26. Ne2 Qd8 27. Qa1 Rc4 28.
Rb1 g5 29. Qa3 Rxa4 30. Qxa4 gxf4 31. Nxf4 Qg5 32. Ne2 Rg8 33. g3 Qe3+ 34. Kf1
Qf3+ 35. Kg1 Qxe2 36. Nxa5 Qe3+ 0-1

[Event "South Wales Summer Open"]
[Site "Penarth"]
[Date "2016.08.29"]
[Round "4.8"]
[White "Sivarajasingam, Shayanna"]
[Black "Bridges, Paul"]
[Result "1/2-1/2"]
[WhiteElo "1648"]
[BlackElo "1791"]
[PlyCount "42"]
[EventDate "2016.08.28"]
[EventType "swiss"]
[EventRounds "5"]
[EventCountry "WLS"]
[SourceDate "2016.08.28"]

1. e4 c5 2. Nf3 e6 3. c4 g6 4. Be2 Bg7 5. Nc3 Nc6 6. O-O d6 7. d3 Nf6 8. d4
cxd4 9. Nxd4 a6 10. Be3 O-O 11. Qd2 Qc7 12. Rfd1 Rd8 13. f3 b6 14. Nc2 Rb8 15.
Rac1 Bb7 16. b3 Ba8 17. Bf4 Ne8 18. b4 Nxb4 19. Nxb4 Qc5+ 20. Be3 Qxb4 21. Rc2
Qa5 1/2-1/2

[Event "South Wales Summer Open"]
[Site "Penarth"]
[Date "2016.08.29"]
[Round "5.1"]
[White "Toczek, Grzegorz"]
[Black "Kett, Tim"]
[Result "0-1"]
[WhiteElo "2254"]
[BlackElo "2219"]
[PlyCount "78"]
[EventDate "2016.08.28"]
[EventType "swiss"]
[EventRounds "5"]
[EventCountry "WLS"]
[SourceDate "2016.08.28"]

1. e4 e5 2. Nf3 Nc6 3. Bb5 a6 4. Ba4 d6 5. c3 f5 6. exf5 Bxf5 7. d4 e4 8. Nfd2
Qh4 9. Nf1 Nf6 10. Be3 d5 11. Qd2 Bd6 12. Bg5 Qh5 13. Bf4 O-O 14. Bxd6 cxd6 15.
Ne3 Na5 16. Na3 Be6 17. b4 Nc4 18. Naxc4 dxc4 19. Bd1 Qg6 20. d5 Bd7 21. O-O
Rae8 22. Be2 b5 23. a4 Re5 24. axb5 axb5 25. Ra7 Bg4 26. Rd1 Bf3 27. g3 Qh6 28.
h4 Qh5 29. Ra2 Ng4 30. Bxf3 Rxf3 31. Ra8+ Kf7 32. Rf1 Nxe3 33. fxe3 Rxf1+ 34.
Kxf1 Rxd5 35. Qe2 Qf5+ 36. Kg2 Rd3 37. Ra3 h5 38. Kh2 Qf3 39. Ra7+ Ke6 0-1

[Event "South Wales Summer Open"]
[Site "Penarth"]
[Date "2016.08.29"]
[Round "5.2"]
[White "Ivekovic, Tihana"]
[Black "Bullen, Alex"]
[Result "0-1"]
[WhiteElo "2103"]
[BlackElo "2015"]
[PlyCount "79"]
[EventDate "2016.08.28"]
[EventType "swiss"]
[EventRounds "5"]
[EventCountry "WLS"]
[SourceDate "2016.08.28"]

1. d4 d5 2. c4 e6 3. Nf3 Nf6 4. Nc3 Nbd7 5. c5 c6 6. e3 b6 7. cxb6 axb6 8. Bd3
Be7 9. O-O O-O 10. e4 dxe4 11. Nxe4 c5 12. Ne5 Nxe5 13. dxe5 Nd5 14. Qh5 g6 15.
Qh6 f5 16. exf6 Nxf6 17. Nxf6+ Bxf6 18. Bxg6 hxg6 19. Qxg6+ Bg7 20. Bg5 Qe8 21.
Qc2 Bb7 22. a4 Rf5 23. f4 Qg6 24. Rac1 Raf8 25. h4 Bd4+ 26. Kh2 Qh5 27. Kh3 Qf7
28. Rce1 Rd5 29. g4 Bf6 30. Bxf6 Qxf6 31. Qe4 Rfd8 32. Rf3 R5d7 33. Qxe6+ Qxe6
34. Rxe6 Bxf3 35. Rxb6 Rd2 36. h5 R8d3 37. Kh4 Rh2+ 38. Kg5 Rg2 39. Rg6+ Kf7
40. Rf6+ 0-1

[Event "South Wales Summer Open"]
[Site "Penarth"]
[Date "2016.08.29"]
[Round "5.3"]
[White "Turner, Joseph David"]
[Black "Brown, Thomas"]
[Result "1-0"]
[WhiteElo "1911"]
[BlackElo "2092"]
[PlyCount "57"]
[EventDate "2016.08.28"]
[EventType "swiss"]
[EventRounds "5"]
[EventCountry "WLS"]
[SourceDate "2016.08.28"]

1. e4 c5 2. Nf3 d6 3. d4 cxd4 4. Nxd4 Nf6 5. Nc3 g6 6. f4 Nc6 7. Nxc6 bxc6 8.
e5 Nd7 9. exd6 exd6 10. Bc4 Nf6 11. Qf3 d5 12. Bd3 Bc5 13. f5 O-O 14. Bh6 Re8+
15. Ne2 Ne4 16. fxg6 hxg6 17. Rf1 Bf5 18. O-O-O Qa5 19. Kb1 Rab8 20. Bxe4 Rxe4
21. Rd3 Rbe8 22. Bd2 Bb4 23. Bxb4 Rxb4 24. Nd4 Qb6 25. Nxf5 Rxb2+ 26. Ka1 gxf5
27. Qg3+ Kf8 28. Qd6+ Re7 29. Qh6+ 1-0

[Event "South Wales Summer Open"]
[Site "Penarth"]
[Date "2016.08.29"]
[Round "5.4"]
[White "Staniforth, Matthew"]
[Black "Davis, Lee"]
[Result "0-1"]
[WhiteElo "1874"]
[BlackElo "1925"]
[PlyCount "120"]
[EventDate "2016.08.28"]
[EventType "swiss"]
[EventRounds "5"]
[EventCountry "WLS"]
[SourceDate "2016.08.28"]

1. c3 Nf6 2. Nf3 b6 3. d3 Bb7 4. Bg5 e6 5. Nbd2 Be7 6. e4 d6 7. Be2 Nbd7 8. O-O
h6 9. Bh4 O-O 10. Re1 a5 11. a4 Nh5 12. Bxe7 Qxe7 13. d4 Nhf6 14. Qc2 e5 15.
Bf1 g6 16. g3 Kg7 17. Bg2 Rfe8 18. Nh4 Qd8 19. Rad1 Qb8 20. Nc4 exd4 21. cxd4
d5 22. e5 dxc4 23. exf6+ Nxf6 24. Rxe8 Nxe8 25. Qxc4 Bxg2 26. Nxg2 Qd8 27. Qc6
Rc8 28. d5 Qd6 29. Ne3 Rd8 30. Rc1 Qxc6 31. Rxc6 Rd6 32. Rc2 Nf6 33. Rxc7 Nxd5
34. Nxd5 Rxd5 35. Rb7 Rd6 36. Kg2 Kf6 37. Kf3 Ke6 38. h4 Kf6 39. Ke4 Ke6 40. g4
Kf6 41. f4 Ke6 42. f5+ gxf5+ 43. gxf5+ Kf6 44. Rc7 h5 45. b3 Kg7 46. Ke5 Rd3
47. f6+ Kg6 48. Rc8 Re3+ 49. Kf4 Rxb3 50. Ke5 Re3+ 51. Kf4 Re6 52. Rg8+ Kxf6
53. Rg5 Rc6 54. Rf5+ Kg6 55. Rg5+ Kh6 56. Rb5 f6 57. Kg3 Kg6 58. Kh3 Rc3+ 59.
Kg2 Rc4 60. Rxb6 Rxh4 0-1

[Event "South Wales Summer Open"]
[Site "Penarth"]
[Date "2016.08.29"]
[Round "5.5"]
[White "Fathallah, Joe"]
[Black "Bridges, Paul"]
[Result "1-0"]
[WhiteElo "1982"]
[BlackElo "1791"]
[PlyCount "71"]
[EventDate "2016.08.28"]
[EventType "swiss"]
[EventRounds "5"]
[EventCountry "WLS"]
[SourceDate "2016.08.28"]

1. d4 d5 2. c4 e6 3. Nc3 c6 4. e3 Bd6 5. Nf3 f5 6. Qc2 Nf6 7. b3 O-O 8. Bb2 Qe7
9. g3 Nbd7 10. Bg2 Ne4 11. Nd2 Ndf6 12. Ndxe4 Nxe4 13. Nxe4 fxe4 14. O-O Bd7
15. f3 exf3 16. Bxf3 Be8 17. e4 Bg6 18. Qe2 Rxf3 19. Rxf3 Bxe4 20. Re3 e5 21.
c5 Bc7 22. Rxe4 dxe4 23. Qxe4 Re8 24. Re1 a5 25. Kg2 h6 26. Re2 Kh8 27. Qg6 e4
28. d5 cxd5 29. Bxg7+ Qxg7 30. Qxe8+ Kh7 31. Qe6 Qe5 32. Qf7+ Kh8 33. Rf2 e3
34. Qf6+ Qxf6 35. Rxf6 Kg7 36. Re6 1-0

[Event "South Wales Summer Open"]
[Site "Penarth"]
[Date "2016.08.29"]
[Round "5.6"]
[White "Christmas, Steve"]
[Black "Robinson, David"]
[Result "0-1"]
[WhiteElo "1854"]
[BlackElo "1917"]
[PlyCount "96"]
[EventDate "2016.08.28"]
[EventType "swiss"]
[EventRounds "5"]
[EventCountry "WLS"]
[SourceDate "2016.08.28"]

1. d4 d5 2. c3 Nf6 3. Bf4 e6 4. e3 c5 5. Nf3 Nc6 6. Bb5 Bd7 7. O-O Be7 8. Nbd2
O-O 9. Re1 Qb6 10. Bxc6 Bxc6 11. dxc5 Qxb2 12. Qb3 Qxb3 13. Nxb3 Ne4 14. Rac1
Nxc5 15. Nxc5 Bxc5 16. Nd4 Rac8 17. Rb1 Bb6 18. g4 Bd7 19. Ne2 Rc4 20. h3 Rfc8
21. Rxb6 axb6 22. Bd6 f6 23. a3 R8c6 24. Bb4 Kf7 25. f3 Rc8 26. Kf2 e5 27. Rd1
Be6 28. Kg3 g5 29. Rd2 Rd8 30. Rd1 Rcc8 31. Rh1 h5 32. Re1 Rh8 33. Ng1 Bd7 34.
Rd1 Bc6 35. Ne2 Rcd8 36. Kg2 Bb5 37. Ng3 hxg4 38. hxg4 Rh7 39. Nh1 Ke6 40. Nf2
Bc6 41. Kg3 Be8 42. Re1 Kd7 43. Rd1 Kc6 44. Rd2 Bg6 45. Rd1 Kb5 46. Rd2 Kc4 47.
f4 Bb1 48. f5 Rdh8 0-1

[Event "South Wales Summer Open"]
[Site "Penarth"]
[Date "2016.08.29"]
[Round "5.7"]
[White "Sivarajasingam, Shayanna"]
[Black "Van Kemenade, Julie"]
[Result "1-0"]
[WhiteElo "1648"]
[BlackElo "1716"]
[PlyCount "105"]
[EventDate "2016.08.28"]
[EventType "swiss"]
[EventRounds "5"]
[EventCountry "WLS"]
[SourceDate "2016.08.28"]

1. e4 d6 2. d4 Nf6 3. Nc3 c6 4. f4 Qa5 5. Bd3 e5 6. dxe5 dxe5 7. f5 h6 8. Bd2
Qb6 9. Nf3 Nbd7 10. Na4 Qc7 11. Qe2 Be7 12. h3 Nh5 13. Qf2 b5 14. Nc3 Bc5 15.
Be3 Bxe3 16. Qxe3 Ng3 17. Rg1 Nh5 18. Ne2 Bb7 19. g4 Nhf6 20. Nd2 a6 21. a3 c5
22. c4 Qa5 23. Kf2 b4 24. axb4 Qxb4 25. Rg2 Qb6 26. Rgg1 O-O-O 27. b3 Nb8 28.
Nc3 Qd6 29. Nd5 Nc6 30. Rg3 Nd4 31. Rb1 Bxd5 32. cxd5 Kd7 33. Nc4 Qc7 34. Rgg1
Rb8 35. Nd2 Qa7 36. Bc4 Ne8 37. Qd3 Rb6 38. Kg2 Nd6 39. Ra1 Ra8 40. Ra5 Nb7 41.
Ra3 Nd6 42. Rga1 N6b5 43. Bxb5+ Nxb5 44. Ra5 Qb7 45. Nc4 Nd4 46. Nxb6+ Qxb6 47.
Rxa6 Rxa6 48. Rxa6 Qb7 49. Ra3 Kc7 50. Qc4 f6 51. Qxc5+ Kd8 52. Ra7 Ne6 53.
fxe6 1-0

[Event "South Wales Summer Open"]
[Site "Penarth"]
[Date "2016.08.29"]
[Round "5.8"]
[White "Sivarajasingam, Venetia"]
[Black "Kalavala, Nayana"]
[Result "1-0"]
[WhiteElo "1655"]
[BlackElo "1255"]
[PlyCount "69"]
[EventDate "2016.08.28"]
[EventType "swiss"]
[EventRounds "5"]
[EventCountry "WLS"]
[SourceDate "2016.08.28"]

1. e4 e5 2. Nf3 Nc6 3. Bb5 Nf6 4. d3 h6 5. Bxc6 dxc6 6. Nxe5 Bd6 7. Nf3 Qe7 8.
O-O O-O 9. e5 Bxe5 10. Re1 Bg4 11. Bf4 Bxf3 12. gxf3 Rae8 13. Bxe5 Nd7 14. Bc3
Qg5+ 15. Kh1 Re6 16. Rg1 Qd8 17. Rxg7+ Kh8 18. Rxf7+ Kg8 19. Rg7+ Kh8 20. Rxd7+
Qf6 21. Bxf6+ Rexf6 22. Qd2 Rg6 23. Qc3+ Rgf6 24. Rd8 Kg8 25. Rxf8+ Rxf8 26.
Nd2 Kf7 27. Qc4+ Ke8 28. Re1+ Kd8 29. Qe6 b6 30. Qe7+ Kc8 31. Qxf8+ Kb7 32. Re8
h5 33. Rb8+ Ka6 34. Qa3+ Kb5 35. c4# 1-0